000
00232nam a22000857a 4500
008
160708b xxu||||| |||| 00| 0 eng d
100
_9
2428
_a
Durr, W.K
245
_a
Teachers Guide for Rockets
260
_a
Boston
_b
Houghton Muffin
_c
1976
999
_c
2102
_d
2102